LEADER 00762nam a2200205 4500 001 000000346235 003 CaOOAMICUS 005 20210525152500.0 008 210525s1912 it 000 u ita r 040 $aSeMil$bita 100 1 $aPezzali, Pietro.$0(OLS)http://semarc/name/5228 245 10$aMorte all'alcoolismo / $cSac. Pietro Pezzali. 264 1$aVicenza :$bGiovanni Galla,$c1912. 300 $a44 p. ;$c20 cm 650 4$aAlcolismo.$0(OLS)http://semarc/subject/15997 850 $aSeMil 852 $aSeMil$W1$xVenegono$y1$m5A III 8/15$j226517$B237302$CSeMilBibl$Z2$F237302 $81 996 $6245$aMorte all'alcoolismo / $9(OLS)http://semarc/title/435433 996 $6264$aVicenza :$bGiovanni Galla$9(OLS)http://semarc/publisher/41117 LEADER 01149nam a2200217 i 4500 001 000000180070 003 CaOOAMICUS 005 20090623000000.0 008 090623s1960 it u000 u mul u 013 $a157715 040 $aSeMil$bita 100 1 $aLaurent, Marie Hyacinthe,$d<1906-1968>.$0(OLS)http://semarc/name/32201 245 13$aLe "Liber Visitationis" d'Athanase Chalkéopoulos :$b1457-1458. Contribution à l'histoire du monachisme grec en Italie méridionale /$cpar M.-H. Laurent et André Guillou. 260 $aCittà del Vaticano :$bBiblioteca Apostolica Vaticana,$c1960. 300 $aLI, 392 p., [6] p. di tav. + 1 c. geogr. ;$c25 cm. 490 0 $aStudi e testi ;$v206 830 0$aStudi e testi ;$v206.$0(OLS)http://semarc/title/153 850 $aSeMil 852 $aSeMil$W1$xVenegono$y1$m3C V 106$j130822$B130822$CSeMilBibl$Z2$F142416 $81 996 $6245$aLe "Liber Visitationis" d'Athanase Chalkéopoulos :$b1457-1458. Contribution à l'histoire du monachisme grec en Italie méridionale$9(OLS)http://semarc/title/258585 996 $6260$aCittà del Vaticano :$bBiblioteca Apostolica Vaticana$9(OLS)http://semarc/publisher/29667